[Event "Saturday Night Fever 24.00"]
[Site "SchemingMind.com"]
[Date "2018.05.26"]
[Round "-"]
[White "kenneth m day"]
[Black "Phillip Beckett"]
[Result "1-0"]
[WhiteCountry "USA"]
[BlackCountry "ENG"]
[WhiteElo "1726"]
[WhiteRD "61"]
[BlackElo "1560"]
[BlackRD "57"]
[GameID "428619"]

1. e4 e5 2. f4 Qh4+ 3. g3 Qe7 4. d3 exf4 5. Bxf4 d5 6. Nc3 c6 7. Nf3 dxe4 8. dxe4 Nd7 9. Be2 Ngf6 10. Qd4 Nb6
11. O-O-O Be6 12. Ng5 h6 13. Nxe6 fxe6 14. Qe5 Kf7 15. h4 Nbd7 16. Qc7 Nb6 17. Qe5 Rd8 18. g4 Nbd7 19. Qd4 e5 20. Qc4+ Ke8
21. Be3 Nb6 22. Qb3 Qb4 23. Qe6+ Qe7 24. Qf5 Kf7 25. Rxd8 Qxd8 26. Qxe5 Bd6 27. Qf5 Qd7 28. Qf3 Kg6 29. Bd3 Rf8 30. e5+ Kf7
31. exf6 gxf6 32. Qe4 Re8 33. Qh7+
1-0

[Event "Saturday Night Fever 24.00"]
[Site "SchemingMind.com"]
[Date "2018.05.26"]
[Round "-"]
[White "Phillip Beckett"]
[Black "kenneth m day"]
[Result "1-0"]
[WhiteCountry "ENG"]
[BlackCountry "USA"]
[WhiteElo "1560"]
[WhiteRD "57"]
[BlackElo "1726"]
[BlackRD "61"]
[GameID "428620"]

1. d4 d5 2. c4 c6 3. cxd5 cxd5 4. Nc3 Nf6 5. Bg5 e6 6. e4 dxe4 7. Nxe4 Be7 8. Nxf6+ Bxf6 9. Bxf6 Qxf6 10. Nf3 O-O
11. Bd3 Nc6 12. O-O Ne7 13. Ne5 Ng6 14. Nxg6 fxg6 15. Bc4 Rd8 16. Qb3 Rb8 17. Rad1 b6 18. d5 exd5 19. Bxd5+ Kh8 20. Bc4 Bb7
21. Rxd8+ Rxd8 22. Rd1 Rf8 23. f3 h6 24. Rd7 Qc6 25. Qd3 Kh7 26. Bb5 Qc8 27. Qd4 Qc5 28. Rxg7+ Kh8 29. Qxc5 bxc5 30. Rxb7 Rc8
31. Rxa7 c4 32. Ra6 Kg7 33. Rc6 Rb8 34. Rc5 Rb7 35. a4
1-0

[Event "Saturday Night Fever 24.00"]
[Site "SchemingMind.com"]
[Date "2018.06.20"]
[Round "-"]
[White "JPT"]
[Black "frankly"]
[Result "0-1"]
[WhiteCountry "INT"]
[BlackCountry "ENG"]
[WhiteElo "1673"]
[WhiteRD "89"]
[BlackElo "2602"]
[BlackRD "69"]
[GameID "429543"]

1. e4 c5 2. h3 g6 3. Bc4 Nf6 4. Nc3 Nc6 5. Nf3 Bg7 6. d3 O-O 7. O-O b6 8. Bf4 Bb7 9. Qd2 Nd4 10. Nxd4 cxd4
11. Ne2 d5 12. exd5 Nxd5 13. Bh6 e5 14. Bxg7 Kxg7 15. f4 Ne3 16. Rf2 f6 17. Bb3 a5 18. a4 Qd7 19. Ng3 exf4 20. Nf1 Rae8
21. Qe2 Nxg2 22. Qg4 f5 23. Qxg2 Bxg2 24. Rxg2 f3 25. Rf2 f4 26. Rxf3 Re2 27. Rd1 Qe7
0-1

[Event "Saturday Night Fever 24.00"]
[Site "SchemingMind.com"]
[Date "2018.06.20"]
[Round "-"]
[White "frankly"]
[Black "JPT"]
[Result "1-0"]
[WhiteCountry "ENG"]
[BlackCountry "INT"]
[WhiteElo "2602"]
[WhiteRD "69"]
[BlackElo "1673"]
[BlackRD "89"]
[GameID "429544"]

1. d4 d5 2. Nf3 c5 3. c4 e6 4. cxd5 exd5 5. g3 Nc6 6. Bg2 Nf6 7. O-O cxd4 8. Nxd4 Nxd4 9. Qxd4 Be7 10. Nc3 Be6
11. Bf4 Qa5 12. Rfd1 Bc5 13. Qa4+ Qxa4 14. Nxa4 b6 15. Nxc5 bxc5 16. Rac1 c4 17. Rxc4 O-O 18. Rcc1 a5 19. b3 h6 20. Kf1 Rfe8
21. h4 Bg4 22. f3 Bc8 23. Kf2 Ba6 24. Rd2 a4 25. b4 a3 26. Bh3 Ra7 27. Bf5 Bc4 28. Bd3 Bxd3 29. Rxd3 Ra4 30. Rb3 Nd7
31. b5 Nb6 32. Rc6 Re6 33. Rxe6 fxe6 34. Bc7
1-0

[Event "Saturday Night Fever 24.00"]
[Site "SchemingMind.com"]
[Date "2018.06.28"]
[Round "-"]
[White "JimM"]
[Black "mespina"]
[Result "0-1"]
[WhiteCountry "USA"]
[BlackCountry "ESP"]
[WhiteElo "1699"]
[WhiteRD "93"]
[BlackElo "2088"]
[BlackRD "84"]
[GameID "429830"]

1. e4 c5 2. Nf3 d6 3. d4 cxd4 4. Nxd4 Nf6 5. Nc3 g6 6. Bc4 Bg7 7. Be3 O-O 8. Qd2 Ng4 9. Bg5 h6 10. Bh4 Ne5
11. Bb3 Nbc6 12. Nde2 Na5 13. Ba4 a6 14. O-O Nec4 15. Qc1 g5 16. Bxg5 hxg5 17. Qxg5 Nxb2 18. Nf4 e6 19. Qg3 Qf6 20. Nce2 Nxa4
21. Qa3 b5
0-1

[Event "Saturday Night Fever 24.00"]
[Site "SchemingMind.com"]
[Date "2018.06.28"]
[Round "-"]
[White "mespina"]
[Black "JimM"]
[Result "1-0"]
[WhiteCountry "ESP"]
[BlackCountry "USA"]
[WhiteElo "2088"]
[WhiteRD "84"]
[BlackElo "1699"]
[BlackRD "93"]
[GameID "429831"]

1. e4 e5 2. Nf3 Nc6 3. Bb5 d6 4. d4 Bd7 5. Nc3 Nf6 6. Bxc6 Bxc6 7. Qe2 h6 8. dxe5 Ng4 9. e6 Ne5 10. Nd4 Qf6
11. f4 Ng6 12. Ncb5 Bxb5 13. Qxb5+
1-0

[Event "Saturday Night Fever 24.00"]
[Site "SchemingMind.com"]
[Date "2018.07.02"]
[Round "-"]
[White "grabapawn"]
[Black "ray winteringham"]
[Result "1/2-1/2"]
[WhiteCountry "USA"]
[BlackCountry "ENG"]
[WhiteElo "1552"]
[WhiteRD "61"]
[BlackElo "1524"]
[BlackRD "54"]
[GameID "429968"]

1. d4 d5 2. Bf4 Bf5 3. e3 e6 4. c3 Bd6 5. Bg3 Bxg3 6. hxg3 Ne7 7. Nd2 Nbc6 8. Ngf3 a6 9. Nh4 Qd7 10. Nb3 O-O-O
11. Nc5 Qd6 12. g4 Bg6 13. Nxa6 bxa6 14. Bxa6+ Kd7 15. Nf3 f6 16. b4 Nxb4 17. Qa4+ Nbc6 18. g5 Ra8 19. Qb5 Rhb8 20. Qe2 Nxd4
21. exd4 Rxa6 22. gxf6 gxf6 23. O-O Be4 24. Nd2 Bg6 25. a4 Nc6 26. Qf3 f5 27. Qh3 Rba8 28. Nb3 Ke7 29. Rfe1 Rxa4 30. Rxa4 Rxa4
31. Nc5 Ra3 32. Rxe6+ Qxe6 33. Nxe6 Kxe6 34. Qe3+ Kf6 35. Kh2 h5 36. Qc1 Ra2 37. Kg1 Ra6 38. Qh6 Ra8 39. Qf4 Ra7 40. Qh4+ Kf7
41. Qg5 Na5 42. Qd8 c6 43. Qb6 Ra8 44. Qc7+ Kg8 45. g3 Be8 46. Qe5 Bg6 47. Qe6+ Kh7 48. Qe7+ Kh6 49. f4 Re8 50. Qg5+ Kg7
51. g4 hxg4 52. Kf2 Nb3 53. Qh4 Nd2 54. Qh1 Ne4+ 55. Kg2 Nxc3 56. Qa1 Nb5 57. Qa6 Nxd4 58. Qb7+ Kh6 59. Qb4 Re4 60. Qf8+ Kh7
61. Qd6 Kg7 62. Qc7+ Bf7 63. Kg1 Rxf4 64. Qe5+ Kg8 65. Qb8+ Kg7 66. Qe5+ Kg6 67. Qd6+ Kh5 68. Qf6 Bg6 69. Qh8+ Kg5 70. Qd8+ Kh6
71. Qh8+ Bh7 72. Qf6+ Kh5 73. Qf7+ Kh4 74. Qxh7+ Kg3 75. Qh2+ Kf3 76. Qg2+ Ke3 77. Qg3+ Rf3 78. Qe5+ Kd3 79. Qe1 Re3 80. Qb1+ Kc4
81. Qc1+ Kd3 82. Qd1+ Ke4 83. Qb1+ Ke5 84. Qb8+= Ke4 85. Qb1+ Kf4 86. Qb8+=
1/2-1/2

[Event "Saturday Night Fever 24.00"]
[Site "SchemingMind.com"]
[Date "2018.07.02"]
[Round "-"]
[White "ray winteringham"]
[Black "grabapawn"]
[Result "0-1"]
[WhiteCountry "ENG"]
[BlackCountry "USA"]
[WhiteElo "1524"]
[WhiteRD "54"]
[BlackElo "1552"]
[BlackRD "61"]
[GameID "429969"]

1. e4 d6 2. d4 Nf6 3. Bd3 Nbd7 4. Be3 e5 5. d5 Be7 6. Nf3 Nf8 7. Nc3 Bd7 8. Ne2 h6 9. h3 g5 10. g4 Ng6
11. c4 Nf4 12. Bxf4 gxf4 13. b3 Nh7 14. Qc2 Ng5 15. Nxg5 Bxg5 16. f3 Bh4+ 17. Kd2 Bf2 18. Kc3 c5 19. Nxf4 Bd4+ 20. Kd2 Bxa1
21. Rxa1 Qh4 22. Nh5 Qf2+ 23. Be2 Qd4+ 24. Bd3 Qxa1 25. Nf6+ Ke7 26. Nh5 Qh1 27. Kc3 Qxh3 28. Ng7 Qxf3 29. Nf5+ Kf8 30. Nxd6 Qxg4
31. Qf2 Rh7 32. Qxc5 Kg8 33. Nxb7 Qd1 34. Qe7 Qa1+ 35. Kd2 Qxa2+ 36. Kc3 Qa1+ 37. Kc2 Bh3 38. Nc5 Rg7 39. Be2 Rg2 40. Kd3 Rg3+
0-1

[Event "Saturday Night Fever 24.00"]
[Site "SchemingMind.com"]
[Date "2018.07.10"]
[Round "-"]
[White "Hoey007"]
[Black "Robert Bruce"]
[Result "0-1"]
[WhiteCountry "AUS"]
[BlackCountry "SCO"]
[WhiteElo "1861"]
[WhiteRD "123"]
[BlackElo "2312"]
[BlackRD "67"]
[GameID "430161"]

1. Nf3 b6 2. Nc3 Bb7 3. e4 Nf6 4. e5 Nd5 5. Nxd5 Bxd5 6. d4 e6 7. Bf4 Nc6 8. c3 Be7 9. Nd2 Bg5 10. Bxg5 Qxg5
11. c4 Nxd4 12. cxd5 Qxe5+ 13. Be2 exd5 14. Nb3 Nxe2 15. Qxe2 Qxe2+ 16. Kxe2 O-O-O 17. Rad1 Rde8+
0-1

[Event "Saturday Night Fever 24.00"]
[Site "SchemingMind.com"]
[Date "2018.07.13"]
[Round "-"]
[White "Robert Bruce"]
[Black "Hoey007"]
[Result "1-0"]
[WhiteCountry "SCO"]
[BlackCountry "AUS"]
[WhiteElo "2312"]
[WhiteRD "67"]
[BlackElo "1861"]
[BlackRD "123"]
[GameID "430162"]

1. f4 Nf6 2. c4 e6 3. Nf3 Be7 4. e3 d5 5. Be2 c5 6. Ne5 O-O 7. O-O b6 8. Bf3 Bb7 9. d3 Nbd7 10. Nc3 Rb8
11. cxd5 Nxd5 12. Nxd5 exd5 13. b3 Nxe5 14. fxe5 Bg5 15. Qe2 d4 16. Rf2 Bxf3 17. Qxf3
1-0

[Event "Saturday Night Fever 24.00"]
[Site "SchemingMind.com"]
[Date "2018.07.16"]
[Round "-"]
[White "Derek Price"]
[Black "Clive Everill"]
[Result "1-0"]
[WhiteCountry "ENG"]
[BlackCountry "CZE"]
[WhiteElo "2203"]
[WhiteRD "78"]
[BlackElo "1723"]
[BlackRD "61"]
[GameID "430273"]

1. e4 d6 2. d4 Nf6 3. Nc3 g6 4. f4 Bg7 5. Nf3 O-O 6. Bd3 Na6 7. O-O c5 8. d5 Bg4 9. Kh1 Rb8 10. h3 Bxf3
11. Rxf3 Nb4 12. Bc4 b5 13. Nxb5 Nxe4 14. c3 Na6 15. Nxa7 Qb6 16. Nc6 Rbe8 17. Qd3 f5 18. Bxa6 c4 19. Bxc4 Nf2+ 20. Rxf2 Qxf2
21. a4 Bf6 22. Bd2 Kg7 23. a5 e5 24. dxe6 Rc8 25. Bd5 Rfe8 26. Rf1 Qh4 27. a6 Ra8 28. a7 Kh8 29. b4 Bd8 30. Nxd8 Raxd8
31. Qd4+ Kg8 32. e7#
1-0

[Event "Saturday Night Fever 24.00"]
[Site "SchemingMind.com"]
[Date "2018.07.16"]
[Round "-"]
[White "Clive Everill"]
[Black "Derek Price"]
[Result "0-1"]
[WhiteCountry "CZE"]
[BlackCountry "ENG"]
[WhiteElo "1723"]
[WhiteRD "61"]
[BlackElo "2203"]
[BlackRD "78"]
[GameID "430274"]

1. e4 c5 2. Nf3 d6 3. c3 Nf6 4. Be2 Nbd7 5. d3 b6 6. O-O Bb7 7. Nbd2 e6 8. Re1 Be7 9. Bf1 O-O 10. d4 cxd4
11. cxd4 Rc8 12. Bd3 e5 13. d5 Nc5 14. Bb1 a5 15. Nf1 Ba6 16. Ng3 Re8 17. h3 Qd7 18. a3 a4 19. Bc2 g6 20. Be3 Bb5
21. b4 axb3 22. Bxb3 Nfxe4 23. Bxc5 Nxc5 24. Bc2 f5 25. a4 Bc4 26. Rb1 e4 27. Nh2 Qb7 28. Ne2 Bf6 29. Nf4 Bc3 30. Re3 Be5
31. g3 g5 32. Ng2 Re7 33. Nf1 Rg7 34. Ra3 f4 35. g4 Kh8 36. a5 b5 37. Nd2 Bxd5 38. Ne1 Qc6 39. Nb3 b4 40. Ra2 Bc4
41. Ng2 d5 42. a6 Qh6 43. a7 Ra8 44. Ra5 Qxh3 45. Rxc5 f3
0-1

[Event "Saturday Night Fever 24.00"]
[Site "SchemingMind.com"]
[Date "2018.07.16"]
[Round "-"]
[White "Timaeus"]
[Black "cnbcad"]
[Result "1-0"]
[WhiteCountry "JPN"]
[BlackCountry "USA"]
[WhiteElo "1537"]
[WhiteRD "81"]
[BlackElo "1440"]
[BlackRD "75"]
[GameID "430319"]

1. d4 d5 2. Bf4 Nf6 3. e3 g6 4. Bd3 Bg7 5. Nf3 Nbd7 6. O-O c6 7. Nc3 b5 8. b4 a5 9. bxa5 Qxa5 10. Qd2 Ne4
11. Nxe4 dxe4 12. Qxa5 Rxa5 13. Bxe4 Bb7 14. Bc7 Ra8 15. Rab1 O-O 16. Rfd1 Rxa2 17. h3 Nf6 18. Nd2 Nxe4 19. Nxe4 Rxc2 20. Nc5 Ba8
21. Ra1 b4 22. Rdb1 Rc8 23. Rxb4 e6 24. Na6 c5 25. Rb8
1-0

[Event "Saturday Night Fever 24.00"]
[Site "SchemingMind.com"]
[Date "2018.07.16"]
[Round "-"]
[White "cnbcad"]
[Black "Timaeus"]
[Result "1-0"]
[WhiteCountry "USA"]
[BlackCountry "JPN"]
[WhiteElo "1460"]
[WhiteRD "78"]
[BlackElo "1432"]
[BlackRD "75"]
[GameID "430320"]

1. Nf3 d5 2. d4 Bf5 3. g3 e6 4. Bg2 Bd6 5. c3 Nf6 6. b4 O-O 7. Bb2 Nbd7 8. Nbd2 b6 9. a4 a5 10. b5 Rc8
11. O-O Re8 12. Nh4 e5 13. Nxf5 exd4 14. cxd4 Re6 15. Bh3 Re8 16. Nxd6 cxd6 17. Ba3 Qc7 18. Rc1 Qb7 19. Bxd6 Rxc1 20. Qxc1 Rc8
21. Qa3 Re8 22. Be7 Nb8 23. Bxf6 gxf6 24. Bg2 Rxe2 25. Qa2 Qe7 26. Bf3 Re6 27. Qxd5 Rd6 28. Qa8 Rd8 29. Qb7 Nd7 30. Bg4 Kf8
31. Bxd7 Rxd7 32. Qxb6 Qb4 33. Qc5+ Kg7 34. Qxb4 axb4 35. Nf3 Rc7 36. Rb1 Rc4 37. a5
1-0

[Event "Saturday Night Fever 24.00"]
[Site "SchemingMind.com"]
[Date "2018.07.22"]
[Round "-"]
[White "smothered mate"]
[Black "davidcook"]
[Result "0-1"]
[WhiteCountry "POL"]
[BlackCountry "ENG"]
[WhiteElo "2043"]
[WhiteRD "83"]
[BlackElo "2272"]
[BlackRD "63"]
[GameID "430371"]

1. e4 e5 2. d4 exd4 3. Nf3 Nc6 4. Bc4 Nf6 5. Ng5 d5 6. exd5 Qe7+ 7. Kf1 Ne5 8. Qxd4 Nxc4 9. Qxc4 h6 10. Nf3 Qc5
11. Qe2+ Be7 12. Be3 Qd6 13. c4 b5 14. b3 bxc4 15. bxc4 Nxd5 16. Bd4 O-O 17. Kg1 Nf4 18. Qe5 Qxe5 19. Bxe5 Nd3 20. Nc3 c6
21. Bd4 Ba6 22. Nd2 Rfd8 23. Be3 Bf6 24. Nde4 Be5 25. f4 Nxf4 26. Bxf4 Bxf4 27. Kf2 Bxc4 28. g3 Be5 29. Rac1 f5
0-1

[Event "Saturday Night Fever 24.00"]
[Site "SchemingMind.com"]
[Date "2018.07.22"]
[Round "-"]
[White "davidcook"]
[Black "smothered mate"]
[Result "1-0"]
[WhiteCountry "ENG"]
[BlackCountry "POL"]
[WhiteElo "2272"]
[WhiteRD "63"]
[BlackElo "2043"]
[BlackRD "83"]
[GameID "430372"]

1. e4 e6 2. d4 d5 3. e5 c5 4. c3 Nc6 5. Nf3 Qb6 6. a3 cxd4 7. cxd4 f6 8. Bd3 fxe5 9. dxe5 Bd7 10. O-O O-O-O
11. b4 Nge7 12. Nc3 Ng6 13. Bxg6 hxg6 14. Be3 Qc7 15. Nb5 Qb8 16. Rc1 Be8 17. Bxa7 Qa8 18. Ng5 Kd7 19. Qg4
1-0

[Event "Saturday Night Fever 24.00"]
[Site "SchemingMind.com"]
[Date "2018.07.19"]
[Round "-"]
[White "Brian Acebo"]
[Black "maro"]
[Result "0-1"]
[WhiteCountry "USA"]
[BlackCountry "MEX"]
[WhiteElo "1540"]
[WhiteRD "96"]
[BlackElo "1503"]
[BlackRD "58"]
[GameID "430391"]

1. d4 Nf6 2. c4 g6 3. Nc3 Bg7 4. Nf3 d5 5. e3 Bf5 6. h3 c6 7. Bd3 Ne4 8. cxd5 cxd5 9. O-O O-O 10. Qc2 Nc6
11. a3 a6 12. Nh4 Qd7 13. Nxf5 Qxf5 14. Nxe4 dxe4 15. Bxe4 Qe6 16. Bxc6 bxc6 17. b4 Qd7 18. Bb2 e5 19. dxe5 Rfe8 20. f4 Rf8
21. Rad1 Qe6 22. Rd3 Qf5 23. Rfd1 a5 24. Qxc6 Rfc8 25. Qf3 Rc2 26. Bd4 Rac8 27. g4 Qd7 28. bxa5 Rc1 29. a6 Bf8 30. a7 Rxd1+
31. Rxd1 Qa4 32. Rb1 Qc2 33. Rb8 Qc1+ 34. Kg2 Rc2+ 35. Kg3 Qe1+
0-1

[Event "Saturday Night Fever 24.00"]
[Site "SchemingMind.com"]
[Date "2018.07.19"]
[Round "-"]
[White "maro"]
[Black "Brian Acebo"]
[Result "0-1"]
[WhiteCountry "MEX"]
[BlackCountry "USA"]
[WhiteElo "1503"]
[WhiteRD "58"]
[BlackElo "1540"]
[BlackRD "96"]
[GameID "430392"]

1. e4 e6 2. d4 d5 3. e5 c5 4. Nf3 cxd4 5. Nxd4 a6 6. c4 Ne7 7. cxd5 Nxd5 8. Qb3 Bc5 9. Be3 Bxd4 10. Bxd4 Qc7
11. Nc3 Nxc3 12. bxc3 O-O 13. Bd3 Nc6 14. O-O Nxd4 15. Qb4 Qxe5 16. Rfe1 Qd5 17. Qb1 g6 18. cxd4 Qxd4 19. Re4 Qd6 20. Qb3 b5
21. Rd1 Bb7 22. Bxb5 Qc5 23. Re3 axb5 24. Rc3 Qg5 25. g3 Rad8 26. Rxd8 Rxd8 27. h4 Qe5 28. Re3 Qa1+
0-1

[Event "Saturday Night Fever 24.00"]
[Site "SchemingMind.com"]
[Date "2018.07.19"]
[Round "-"]
[White "Andrea Carra"]
[Black "spoke"]
[Result "0-1"]
[WhiteCountry "ITA"]
[BlackCountry "GER"]
[WhiteElo "2057"]
[WhiteRD "103"]
[BlackElo "1863"]
[BlackRD "66"]
[GameID "430405"]

1. e4 e5 2. Nf3 Nc6 3. Bc4 Nf6 4. d3 Bc5 5. O-O d6 6. Nc3 O-O 7. a3 a6 8. Be3 Bxe3 9. fxe3 Be6 10. Nd5 b5
11. Nxf6+ Qxf6 12. Bd5 Bxd5 13. exd5 Ne7 14. e4 Ng6 15. g3 Qe7 16. Nd2 Qd7 17. Qh5 Ne7 18. Nf3 f6 19. Rf2 Qe8 20. Qh3 Qc8
21. Qg2 c6 22. dxc6 Qxc6 23. Rc1 Rac8 24. c4 Qb6 25. b4 bxc4 26. dxc4 Qe3 27. Nd2 Qxa3 28. Rb1 Qe3 29. Qf3 Qxf3 30. Rxf3 Nc6
31. Ra3 Ra8 32. b5 axb5 33. Rxa8 Rxa8 34. cxb5 Ne7 35. b6 Rb8 36. Nc4 d5 37. exd5 Nxd5 38. b7 Nc3 39. Rb3 Ne2+ 40. Kf2 Nd4
41. Rb6 Kf7 42. Nd6+ Ke7 43. Ra6 Kd7 44. Ra8 Nc6 45. Ne4 Kc7 46. Nc5 Nb4 47. g4 e4 48. Ke2 g6 49. h4 f5 50. gxf5 gxf5
51. h5 f4 52. Kf1 f3 53. Kg1 e3 54. h6 e2 55. Kf2 Rxb7 56. Nxb7 Nd3+
0-1

[Event "Saturday Night Fever 24.00"]
[Site "SchemingMind.com"]
[Date "2018.07.19"]
[Round "-"]
[White "spoke"]
[Black "Andrea Carra"]
[Result "0-1"]
[WhiteCountry "GER"]
[BlackCountry "ITA"]
[WhiteElo "1814"]
[WhiteRD "69"]
[BlackElo "2068"]
[BlackRD "109"]
[GameID "430406"]

1. e4 c5 2. Nf3 d6 3. d4 cxd4 4. Nxd4 Nf6 5. Nc3 a6 6. f4 e6 7. Qf3 Qb6 8. a3 Nc6 9. Nb3 Be7 10. Be3 Qc7
11. Bd3 b5 12. O-O O-O 13. f5 Bb7 14. fxe6 fxe6 15. Rae1 Ne5 16. Qd1 Nxd3 17. cxd3 e5 18. Qd2 d5 19. exd5 Nxd5 20. Rxf8+ Rxf8
21. d4 exd4 22. Nxd5 Bxd5 23. Nxd4 Bh4 24. g3 Bxg3
0-1

[Event "Saturday Night Fever 24.00"]
[Site "SchemingMind.com"]
[Date "2018.07.20"]
[Round "-"]
[White "kenneth m day"]
[Black "William Lindberg"]
[Result "0-1"]
[WhiteCountry "USA"]
[BlackCountry "USA"]
[WhiteElo "1725"]
[WhiteRD "60"]
[BlackElo "2526"]
[BlackRD "67"]
[GameID "430429"]

1. e4 e5 2. f4 exf4 3. Nf3 g5 4. Nc3 d6 5. h3 h6 6. d4 Bg7 7. Bd2 Nc6 8. Bb5 Nf6 9. Qe2 Nh5 10. Qc4 Ng3
11. Rg1 O-O 12. Ne2 Nxe2 13. Kxe2 Nxd4+ 14. Nxd4 a6 15. Bc3 axb5 16. Nxb5 Bxc3 17. Qxc3 Re8 18. Kf3 Re5 19. Qxc7 g4+ 20. hxg4 Qh4
21. Nxd6 Bxg4+ 22. Kxf4 Qg5+ 23. Kg3 Bh5+ 24. Kf2 Qf4+ 25. Ke1 Qe3+ 26. Kf1 Qe2#
0-1

[Event "Saturday Night Fever 24.00"]
[Site "SchemingMind.com"]
[Date "2018.07.20"]
[Round "-"]
[White "William Lindberg"]
[Black "kenneth m day"]
[Result "1-0"]
[WhiteCountry "USA"]
[BlackCountry "USA"]
[WhiteElo "2501"]
[WhiteRD "67"]
[BlackElo "1778"]
[BlackRD "61"]
[GameID "430430"]

1. c4 Nf6 2. d4 e6 3. Nf3 d5 4. Nc3 c5 5. cxd5 exd5 6. Bg5 Be6 7. Bxf6 Qxf6 8. e4 Nc6 9. exd5 cxd4 10. dxc6 dxc3
11. cxb7 Rb8 12. Bb5+ Ke7 13. Qa4 Rxb7 14. Rd1 Qf5 15. Qb4+ Kf6 16. Qd4+
1-0

[Event "Saturday Night Fever 24.00"]
[Site "SchemingMind.com"]
[Date "2018.08.25"]
[Round "-"]
[White "cnbcad"]
[Black "Derek Price"]
[Result "0-1"]
[WhiteCountry "USA"]
[BlackCountry "ENG"]
[WhiteElo "1359"]
[WhiteRD "76"]
[BlackElo "2240"]
[BlackRD "78"]
[GameID "431774"]

1. Nf3 Nf6 2. g3 d5 3. d4 c6 4. Bg2 Bf5 5. Nbd2 h6 6. c3 Nbd7 7. b4 e6 8. a4 a5 9. b5 cxb5 10. axb5 Qc7
11. Bb2 Bd6 12. O-O O-O 13. Qb3 Nb6 14. Qd1 Rfc8 15. e3 a4 16. Qe2 a3 17. Bc1 Qxc3 18. Rd1 Qxa1 19. Nb3 Qc3 20. Qa2 Bc2
21. Nfd2 Bxd1 22. Bb2 axb2 23. Nb1 Qe1+
0-1

[Event "Saturday Night Fever 24.00"]
[Site "SchemingMind.com"]
[Date "2018.08.24"]
[Round "-"]
[White "Derek Price"]
[Black "cnbcad"]
[Result "1-0"]
[WhiteCountry "ENG"]
[BlackCountry "USA"]
[WhiteElo "2240"]
[WhiteRD "78"]
[BlackElo "1359"]
[BlackRD "76"]
[GameID "431775"]

1. e4 c5 2. Nf3 d6 3. d4 cxd4 4. Nxd4 Nf6 5. Nc3 g6 6. Be3 Bg7 7. f3 Nbd7 8. Qd2 a6 9. g4 Ne5 10. O-O-O Nc4
11. Bxc4 b5 12. Bb3 b4 13. Nd5 a5 14. Nc6 Qd7 15. Ndxe7 Bb7 16. Qxd6 Qxd6 17. Rxd6 Bxc6 18. Nxc6 O-O 19. e5 Ne8 20. Rd7 a4
21. Bd5 b3 22. axb3 axb3 23. Ne7+ Kh8 24. Bxa8
1-0

[Event "Saturday Night Fever 24.00"]
[Site "SchemingMind.com"]
[Date "2018.09.08"]
[Round "-"]
[White "Robert Bruce"]
[Black "roscoe"]
[Result "1-0"]
[WhiteCountry "SCO"]
[BlackCountry "USA"]
[WhiteElo "2306"]
[WhiteRD "68"]
[BlackElo "1175"]
[BlackRD "101"]
[GameID "432284"]

1. f4 f5 2. Nf3 d6 3. e3 a6 4. Nh4 Nf6 5. Be2 Nc6 6. d4 d5 7. Nf3 e6 8. O-O Be7 9. c4 dxc4 10. a4 a5
11. Bxc4 O-O 12. Qb3 Nb4 13. Bxe6+ Bxe6 14. Qxe6+ Kh8 15. Qxf5 Qd5 16. Ne5 Qb3 17. Ra3 Nfd5 18. Ng6+ hxg6 19. Qh3+
1-0

[Event "Saturday Night Fever 24.00"]
[Site "SchemingMind.com"]
[Date "2018.09.06"]
[Round "-"]
[White "roscoe"]
[Black "Robert Bruce"]
[Result "0-1"]
[WhiteCountry "USA"]
[BlackCountry "SCO"]
[WhiteElo "1175"]
[WhiteRD "101"]
[BlackElo "2306"]
[BlackRD "68"]
[GameID "432285"]

1. d4 Nf6 2. Nf3 c5 3. g3 cxd4 4. Bg2 e5 5. Nxe5 Qa5+ 6. c3 Qxe5 7. O-O Nc6 8. Re1 Be7 9. Bf4 Qa5 10. b4 Qb6
11. e4 d6 12. a4 dxc3 13. Nxc3 O-O 14. e5 dxe5 15. Bg5 Bxb4 16. Rb1 Qa5 17. Bxf6 gxf6 18. Re3 Bxc3 19. Rb5 Rd8 20. Rxa5 Rxd1+
21. Bf1 Bh3
0-1

[Event "Saturday Night Fever 24.00"]
[Site "SchemingMind.com"]
[Date "2018.10.02"]
[Round "-"]
[White "Helga1946"]
[Black "DANDYLIONHONEYBADGER"]
[Result "1-0"]
[WhiteCountry "GER"]
[BlackCountry "USA"]
[WhiteElo "2167"]
[WhiteRD "78"]
[BlackElo "1389"]
[BlackRD "78"]
[GameID "433065"]

1. d4 d5 2. Nf3 f6 3. c4 c6 4. Nc3 a6 5. e4 e6 6. c5 Nd7 7. Bd3 dxe4 8. Bxe4 f5 9. Bc2 h6 10. O-O Be7
11. Re1 Ndf6 12. Bb3 g5 13. Na4 Ra7 14. Nb6 Bd7 15. Nxd7 Qxd7 16. h4 gxh4 17. Bxe6 Qc7 18. Qc2 Ne4 19. Bxf5 Nef6 20. Nxh4 b6
21. Ng6 Rh7 22. Nf4 Rf7 23. Bg6
1-0

[Event "Saturday Night Fever 24.00"]
[Site "SchemingMind.com"]
[Date "2018.10.02"]
[Round "-"]
[White "DANDYLIONHONEYBADGER"]
[Black "Helga1946"]
[Result "0-1"]
[WhiteCountry "USA"]
[BlackCountry "GER"]
[WhiteElo "1389"]
[WhiteRD "78"]
[BlackElo "2167"]
[BlackRD "78"]
[GameID "433066"]

1. e4 e5 2. d3 d5 3. Nc3 d4 4. Nce2 Bd7 5. Nf3 Qe7 6. c3 c5 7. h3 Nc6 8. Bd2 Qd6 9. Ng3 Nge7 10. Qc2 Ng6
11. cxd4 Nxd4 12. Nxd4 cxd4 13. Nf5 Qa6 14. a3 Qb5 15. b4 Bxf5 16. exf5 Nh4 17. Qc4 Qd7 18. a4 Be7 19. b5 O-O 20. Be2 Rac8
21. Qb3 Nxg2+ 22. Kd1 Qxf5 23. Bb4 Bxb4 24. Qxb4 Qxf2 25. Rf1 Ne3+ 26. Kd2 Rc2#
0-1

[Event "Saturday Night Fever 24.00"]
[Site "SchemingMind.com"]
[Date "2018.10.01"]
[Round "-"]
[White "echecs"]
[Black "davidcook"]
[Result "0-1"]
[WhiteCountry "ENG"]
[BlackCountry "ENG"]
[WhiteElo "1835"]
[WhiteRD "62"]
[BlackElo "2309"]
[BlackRD "65"]
[GameID "433084"]

1. e4 e5 2. Nf3 Nc6 3. Bc4 Nf6 4. Nc3 Nxe4 5. Bxf7+ Kxf7 6. Nxe4 d5 7. Ng3 e4 8. Ng1 h5 9. Nxh5 Qh4 10. Ng3 Bg4
11. N1e2 Nd4 12. c3 Nxe2 13. Nxe2 Bc5 14. g3 Qf6 15. O-O Rxh2 16. Kxh2 Rh8+ 17. Kg2 Bf3+
0-1

[Event "Saturday Night Fever 24.00"]
[Site "SchemingMind.com"]
[Date "2018.10.01"]
[Round "-"]
[White "davidcook"]
[Black "echecs"]
[Result "1-0"]
[WhiteCountry "ENG"]
[BlackCountry "ENG"]
[WhiteElo "2309"]
[WhiteRD "65"]
[BlackElo "1835"]
[BlackRD "62"]
[GameID "433085"]

1. e4 e5 2. d4 exd4 3. Qxd4 Nc6 4. Qe3 Nf6 5. Nc3 d6 6. Bd2 Be7 7. Bc4 O-O 8. O-O-O Ne5 9. Bb3 a6 10. f4 Neg4
11. Qg3 Nh5 12. Qf3 Nhf6 13. h3 Nh6 14. g4 Nhxg4 15. hxg4 Bxg4 16. Qg2 Bxd1 17. Nxd1 g6 18. Ne3 c6 19. Nf5 d5 20. Bc3 Re8
21. Nh6+ Kf8 22. Nf3 Nxe4 23. Nxf7 Kxf7 24. Rxh7+ Ke6 25. Be5 Rf8 26. Qg4+ Rf5 27. Qxg6+ Bf6 28. Nd4#
1-0

[Event "Saturday Night Fever 24.00"]
[Site "SchemingMind.com"]
[Date "2018.10.13"]
[Round "-"]
[White "frankly"]
[Black "spoke"]
[Result "1-0"]
[WhiteCountry "ENG"]
[BlackCountry "GER"]
[WhiteElo "2589"]
[WhiteRD "71"]
[BlackElo "1863"]
[BlackRD "66"]
[GameID "433544"]

1. e4 e5 2. Nf3 Nc6 3. Bb5 Bb4 4. c3 Ba5 5. a4 a6 6. Bxc6 dxc6 7. Nxe5 Qe7 8. d4 Be6 9. O-O Nf6 10. Nd2 O-O
11. f4 Bb6 12. Kh1 g6 13. f5 gxf5 14. exf5 Bd5 15. Qe1 Rae8 16. Qh4 Kh8 17. Ndf3 Rg8 18. Bg5
1-0